Регионална библиотека "Любен Каравелов" - Русе

История России с древнейших времен (Запис номер 438590)

MARC детайли
000 -Лидер
Контролно поле с фиксирана дължина nam a22 a 4500
003 - Код на организацията, давaща контролен номер
Контролно поле BLK
005 - Дата и час на последна редакция
Контролно поле 20211130134239.0
008 - Елементи от данни с фиксирана дължина
fixed length control field 211130b bu |||||r|||| 00| | bu d
040 ## - Източник на каталожния запис
Идентификатор на билиотеката - собственик на записа BLK
041 ## - Код за език
Код за езика на текст/звукозапис или на отделно заглавие Руски
Код за езика КДБФ Руски
080 ## - УДК
Текстов определител УДК История на Русия и СССР. Вж и 936 ; 957
УДК код - определител по УДК 94(470)
УДК - код + определител 94(470)
100 ## - Редна дума - Автор
R(LIN) 1299
Автор Соловьев, Сергей Михайлович
Авторска отговорност първи автор
139 ## - Редно поле
Редна дума Соловьев, Сергей Михайлович
245 ## - Сведения за заглавието
Заглавие История России с древнейших времен
Подзаглавни данни В 15 кн. : Кн. 1-
Редно поле (дума) Сергей Михайлович Соловьев; Отв. ред. и авт. вступ. статьи Л.В. Черепнин
Том Кн. 13. Т. 25-26
260 ## - Област на издателските данни
9 (RLIN) 217616
Място на издаване, разпространение и проч. Москва
Име на издателя, разпространителя и проч. Соцэкгиз
Година на издаване 1959. -
300 ## - Физическа характеристика
Размери/Мащаб 23 см
380 ## - Жанр
Жанр История
650 #0 - Допълнително описание по предмет – тема
9 (RLIN) 249447
Основно описание – тема или топоним История - Русия
653 #7 - Ключова дума – ненормативна
9 (RLIN) 195884
Ключова дума Русия
653 #7 - Ключова дума – ненормативна
9 (RLIN) 187889
Ключова дума история
700 ## - Други автори (авторска отговорност)
9 (RLIN) 466560
Лично име Черепнин, Лев Владимирович
Автороска отговорност (Описва отношението между автора и произведението) ред., авт. предисл.
760 ## - Описание на основната серия
Място на издаване, издател и година Москва : Мысль, 1965
Страници - том 715 с.
Част - том Кн. 13. Т. 25-26
852 ## - Местоположение
Форматна сигнатура Цб 15800
Фондова буква Основен фонд - ползва се само за читалня
999 ## - СИСТЕМНИ КОНТРОЛНИ НОМЕРА
Koha biblionumber 438590
Koha biblioitemnumber 438590
942 ## - АРТИКУЛИ
Вид на библиотечния материал Книги
Скрит в OPAC Не
Периодичен библиозапис Да
944 ## - СЪЗДАВАНЕ И РЕДАКЦИЯ на ЗАПИСА
Създаване/Редакция Създаване
Дата на регистрацията/редакция 2021-11-30
Служител, извършил регистрацията/редакцията Христина Везирева
999 ## - СИСТЕМНИ КОНТРОЛНИ НОМЕРА
Koha biblioitemnumber 438589
999 ## - СИСТЕМНИ КОНТРОЛНИ НОМЕРА
Koha biblioitemnumber 438587
999 ## - СИСТЕМНИ КОНТРОЛНИ НОМЕРА
Koha biblioitemnumber 438585
999 ## - СИСТЕМНИ КОНТРОЛНИ НОМЕРА
Koha biblioitemnumber 438584
999 ## - СИСТЕМНИ КОНТРОЛНИ НОМЕРА
Koha biblioitemnumber 438583
999 ## - СИСТЕМНИ КОНТРОЛНИ НОМЕРА
Koha biblioitemnumber 438579
999 ## - СИСТЕМНИ КОНТРОЛНИ НОМЕРА
Koha biblioitemnumber 438576
999 ## - СИСТЕМНИ КОНТРОЛНИ НОМЕРА
Koha biblioitemnumber 438575
999 ## - СИСТЕМНИ КОНТРОЛНИ НОМЕРА
Koha biblioitemnumber 438574
999 ## - СИСТЕМНИ КОНТРОЛНИ НОМЕРА
Koha biblioitemnumber 438572
999 ## - СИСТЕМНИ КОНТРОЛНИ НОМЕРА
Koha biblioitemnumber 438570
Наличности
Код за отписване Код за изгубен артикул Източник на класификационната схема Код за повреда Коз за рестрикции Код за отдаване Артикулен № Име на библиотеката - собственик Име на библиотеката, в която се намира в момента Статус (Текущо местоположение) Дата на вписване в системата Местоположение - отдел Цена в лева Инвентарен номер Систематично азбучна сигнатура Баркод Цена в евро Служебен тип на артикула
  Не е изгубен Universal Decimal Classification Не е повреден само за читалня ползва се в читалня 864192 Регионална библиотека "Любен Каравелов" Русе Регионална библиотека "Любен Каравелов" Русе Хранилище 2021-12-01 Основен фонд - ползва се само за читалня 1.36 9670/65 Цб 15800 900000084378 0.70 Книги
Vip Innovations Ltd, Rousse, Bulgaria 2025